• 首页
  • 本馆介绍
  • 公告通知
  • 最新文献
  • 馆藏检索
  • 电子资源
  • 读者导购
  • 参考咨询
  • 我的图书馆
  • 登录
  • 详细信息显示
  • 放入我的书架
  • 预约/预借图书
  • 作者相关作品
  • 分类相关作品
  • 丛书相关作品
  • 出版社相关作品

书目信息

  • 表格格式
  • 工作单格式
  • 卡片格式
题名:
白杨杂交育种
    
 
作者: 赵曦阳 , 邬荣领 著
分册:  
出版信息: 北京   中国林业出版社  2013
页数: 154页
开本: 23cm
丛书名:
单 册:
中图分类: S792.119.04
科图分类:
主题词: 白杨--杂交育种 , 白杨 , 杂交育种
电子资源:
ISBN: 978-7-5038-7228-0
000 00990nam0 2200265 450
001 012015000698
005 20150914163912.92
010    @a978-7-5038-7228-0@dCNY35.00
100    @a20140429d2013 em y0chiy50 ea
101 0  @achi
102    @aCN@b110000
105    @aa z 000yy
106    @ar
200 1  @a白杨杂交育种@Abai yang za jiao yu zhong@f赵曦阳,邬荣领著
210    @a北京@c中国林业出版社@d2013
215    @a154页@c图@d23cm
330    @a本书内容包括:白杨杂交试验及杂种子代变异分析;毛白杨种内杂交无性系苗期生长模式变异分析;毛白杨种内杂交无性系叶片性状变异分析;不同地点白杨杂种无性系联合分析;白杨杂种无性系表型性状变异分析;白杨杂种无性系光合特性分析;白杨杂种无性系叶绿素含量与抗氧化系统分析等。
606 0  @a白杨@x杂交育种
606 0  @a白杨
606 0  @a杂交育种
690    @aS792.119.04@v5
701  0 @a赵曦阳@Azhao xi yang@f(1981~)@4著
701  0 @a邬荣领@Awu rong ling@f(1964~)@4著
801  0 @aCN@b碧洲教育@c20150718
905    @a10447@f4@dS792.119.04@e83
    
    白杨杂交育种/赵曦阳,邬荣领著.-北京:中国林业出版社,2013
    154页:图;23cm
    
    
    ISBN 978-7-5038-7228-0:CNY35.00
    本书内容包括:白杨杂交试验及杂种子代变异分析;毛白杨种内杂交无性系苗期生长模式变异分析;毛白杨种内杂交无性系叶片性状变异分析;不同地点白杨杂种无性系联合分析;白杨杂种无性系表型性状变异分析;白杨杂种无性系光合特性分析;白杨杂种无性系叶绿素含量与抗氧化系统分析等。
●
相关链接 在E读中查询图书 在五车中查询图书 在当当中查询图书 在豆瓣中查询图书


正题名:白杨杂交育种     索取号:S792.119.04/83         预约/预借

序号 登录号 条形码 馆藏地/架位号 状态 备注
1 0848389   208483899   第二样本阅览室/ [索取号:S792.119.04/83] 在馆    
2 0848390   208483906   密集书库-生命科学系/ [索取号:S792.119.04/83] 在馆    
3 0848391   208483915   第三借阅区/ [索取号:S792.119.04/83] 在馆    
4 0848392   208483924   第三借阅区/ [索取号:S792.119.04/83] 在馆    
唐山师范学院图书馆 欢迎您!
大连网信软件有限公司© 版权所有